[Event "Olomouc Chess Summer 2019 - Open senioru"]
[Site "Olomouc (CZE), Hotel Flora"]
[Date "2019.08.15"]
[Round "7"]
[Board "2"]
[White "VLKOVIC, Pavol"]
[Black "SHILOV, Sergej"]
[Result "0-1"]
[WhiteElo "1833"]
[BlackElo "2129"]
[PlyCount "56"]
[EventDate "2019.08.10"]
[EventRounds "9"]
[EventCountry "CZE"]

1. e4 c5 2. d4 cxd4 3. c3 Nf6 4. e5 Nd5 5. Nf3 Nc6 6. cxd4 d6 7. Bc4 Nb6 8. Bb3
dxe5 9. Nxe5 Nxe5 10. dxe5 Qxd1+ 11. Bxd1 Nc4 12. f4 e6 13. Ba4+ Bd7 14. Bxd7+
Kxd7 15. b3 Nb6 16. Ba3 Rc8 17. Kd2 Nd5 18. Bxf8 Rhxf8 19. g3 Rfd8 20. Na3 Ke7
21. Ke2 Nc3+ 22. Ke3 b5 23. Rhc1 a6 24. Nc2 Nd5+ 25. Kf2 Nxf4 26. Nb4 Rxc1 27.
Rxc1 Nd3+ 28. Nxd3 Rxd3  0-1

[Event "Olomouc Chess Summer 2019 - Open senioru"]
[Site "Olomouc (CZE), Hotel Flora"]
[Date "2019.08.15"]
[Round "7"]
[Board "3"]
[White "ORAL, Josef"]
[Black "MADAR, Vladimir"]
[Result "1-0"]
[WhiteElo "1806"]
[BlackElo "1727"]
[PlyCount "99"]
[EventDate "2019.08.10"]
[EventRounds "9"]
[EventCountry "CZE"]

1. e4 d6 2. d4 e6 3. f4 b6 4. Nf3 Bb7 5. Bd3 Nd7 6. O-O c5 7. c3 d5 8. e5 g6 9.
Kh1 Ne7 10. Qe1 Nc6 11. Bb5 Bg7 12. a3 Qe7 13. Be3 a6 14. Ba4 b5 15. Bc2 c4 16.
Nbd2 Nb6 17. Bf2 a5 18. Bh4 f6 19. Qg3 Kd7 20. Rae1 Rae8 21. exf6 Bxf6 22. Bxf6
Qxf6 23. Qh3 Kc7 24. Ng5 Bc8 25. Qg3 Kb7 26. Ngf3 a4 27. Ne5 Ne7 28. Ng4 Qf8
29. Nf3 Nf5 30. Bxf5 gxf5 31. Nge5 Rg8 32. Qf2 Nd7 33. Nxd7 Bxd7 34. Ne5 Kc7
35. Qh4 Qe7 36. Qh5 Ref8 37. Re3 Be8 38. Qe2 Kd6 39. Re1 Rf6 40. Rh3 Qg7 41.
Rg3 Qf8 42. Rxg8 Qxg8 43. Nf3 Bh5 44. Qe5+ Ke7 45. Qc7+ Kf8 46. Ng5 Bf7 47.
Qd6+ Kg7 48. Qe5 Kg6 49. Re3 Qd8 50. Rg3  1-0

[Event "Olomouc Chess Summer 2019 - Open senioru"]
[Site "Olomouc (CZE), Hotel Flora"]
[Date "2019.08.16"]
[Round "8"]
[Board "1"]
[White "POKORNY, Zdenek"]
[Black "ORAL, Josef"]
[Result "1-0"]
[WhiteElo "2215"]
[BlackElo "1806"]
[PlyCount "37"]
[EventDate "2019.08.10"]
[EventRounds "9"]
[EventCountry "CZE"]

1. e4 e5 2. Bc4 Bc5 3. Nf3 Nc6 4. O-O d6 5. c3 Nf6 6. d3 h6 7. Be3 Bb6 8. a4
O-O 9. b4 Bxe3 10. fxe3 Bg4 11. Qe1 Be6 12. Nbd2 a6 13. Nh4 d5 14. exd5 Nxd5
15. Ne4 Nxe3 16. Nf6+ gxf6 17. Qxe3 Bxc4 18. Nf5 Bxd3 19. Qg3+  1-0

[Event "Olomouc Chess Summer 2019 - Open senioru"]
[Site "Olomouc (CZE), Hotel Flora"]
[Date "2019.08.16"]
[Round "8"]
[Board "2"]
[White "SHILOV, Sergej"]
[Black "SPANTON, Tim R"]
[Result "1/2-1/2"]
[WhiteElo "2129"]
[BlackElo "1881"]
[PlyCount "131"]
[EventDate "2019.08.10"]
[EventRounds "9"]
[EventCountry "CZE"]

1. d4 d5 2. Nf3 Nc6 3. c4 Bg4 4. cxd5 Bxf3 5. gxf3 Qxd5 6. e3 e5 7. Nc3 Bb4 8.
Bd2 Bxc3 9. bxc3 Nf6 10. c4 Qd6 11. d5 Nb8 12. Rb1 b6 13. Rg1 g6 14. Bb4 c5 15.
dxc6 Qxd1+ 16. Rxd1 Nxc6 17. Ba3 Rd8 18. Bd3 e4 19. fxe4 Ne5 20. Ke2 Nxd3 21.
Rxd3 Nxe4 22. Rgd1 Rxd3 23. Rxd3 f5 24. f3 Nf6 25. c5 Kf7 26. c6 Rc8 27. Rd6
Ne8 28. Rd7+ Kf6 29. Rxa7 Rxc6 30. Kd3 Nc7 31. Bb2+ Ke6 32. Bd4 h5 33. Rb7 b5
34. h4 Kd7 35. Be5 Kc8 36. Rxc7+ Rxc7 37. Bxc7 Kxc7 38. e4 fxe4+ 39. Kxe4 Kd6
40. Kf4 Kc5 41. Kg5 Kb4 42. Kxg6 Ka3 43. f4 Kxa2 44. f5 b4 45. f6 b3 46. f7 b2
47. f8=Q b1=Q+ 48. Qf5 Qg1+ 49. Kxh5 Qg7 50. Qg5 Qh7+ 51. Kg4 Qe4+ 52. Kg3 Qd3+
53. Kf4 Qd4+ 54. Kf5 Qd5+ 55. Kf6 Qd6+ 56. Kf7 Qd7+ 57. Qe7 Qf5+ 58. Qf6 Qd7+
59. Kg6 Qg4+ 60. Kf7 Qd7+ 61. Qe7 Qf5+ 62. Kg7 Qg4+ 63. Qg5 Qd7+ 64. Kf8 Qc8+
65. Kf7 Qd7+ 66. Qe7  1/2-1/2

[Event "Olomouc Chess Summer 2019 - Open senioru"]
[Site "Olomouc (CZE), Hotel Flora"]
[Date "2019.08.16"]
[Round "8"]
[Board "3"]
[White "GALVANEK, Ladislav"]
[Black "KASPAREK, Jiri"]
[Result "1-0"]
[WhiteElo "1971"]
[BlackElo "1744"]
[PlyCount "71"]
[EventDate "2019.08.10"]
[EventRounds "9"]
[EventCountry "CZE"]

1. d4 g6 2. Nf3 d6 3. Bf4 Bg7 4. e3 a6 5. a4 e6 6. Be2 Nd7 7. O-O Ne7 8. h3 b6
9. c4 Bb7 10. Nc3 h6 11. b4 O-O 12. Rc1 Nf6 13. Qc2 g5 14. Bh2 Rc8 15. Qb1 g4
16. hxg4 Nxg4 17. Bf4 Ng6 18. Bg3 h5 19. Ne4 Bh6 20. Rc3 f5 21. Ned2 h4 22. Bh2
Qf6 23. c5 Nxh2 24. Kxh2 Bd5 25. Bxa6 Rb8 26. cxd6 c6 27. Bc4 Qd8 28. Kg1 Qxd6
29. Bxd5 exd5 30. Rfc1 Rbc8 31. Qc2 Ne7 32. Ne5 h3 33. Ndf3 Bg7 34. Nxc6 hxg2
35. Nxe7+ Kh8 36. Rxc8  1-0

[Event "Olomouc Chess Summer 2019 - Open senioru"]
[Site "Olomouc (CZE), Hotel Flora"]
[Date "2019.08.17"]
[Round "9"]
[Board "2"]
[White "SHILOV, Sergej"]
[Black "GALVANEK, Ladislav"]
[Result "1/2-1/2"]
[WhiteElo "2129"]
[BlackElo "1971"]
[PlyCount "53"]
[EventDate "2019.08.10"]
[EventRounds "9"]
[EventCountry "CZE"]

1. e4 Nf6 2. e5 Nd5 3. d4 d6 4. c4 Nb6 5. f4 dxe5 6. fxe5 c5 7. d5 g6 8. Nc3
Bg7 9. Nf3 Bg4 10. Bf4 O-O 11. h3 Bxf3 12. Qxf3 N8d7 13. Qg3 Qb8 14. e6 Be5 15.
Bxe5 Qxe5+ 16. Qxe5 Nxe5 17. exf7+ Rxf7 18. b3 a6 19. Be2 Nbd7 20. Rf1 Raf8 21.
Kd2 Rf2 22. Rxf2 Rxf2 23. Rg1 Rf4 24. Ke3 Rf8 25. Ne4 h6 26. Rf1 b6 27. Rf4
 1/2-1/2

[Event "Olomouc Chess Summer 2019 - Open senioru"]
[Site "Olomouc (CZE), Hotel Flora"]
[Date "2019.08.17"]
[Round "9"]
[Board "3"]
[White "SPANTON, Tim R"]
[Black "VLKOVIC, Pavol"]
[Result "1/2-1/2"]
[WhiteElo "1881"]
[BlackElo "1833"]
[PlyCount "118"]
[EventDate "2019.08.10"]
[EventRounds "9"]
[EventCountry "CZE"]

1. Nc3 d6 2. e4 e5 3. Nf3 c6 4. Bc4 h6 5. d4 Nd7 6. dxe5 dxe5 7. Bxf7+ Kxf7 8.
Nxe5+ Ke6 9. Ng6 Rh7 10. Qg4+ Kf7 11. Qh5 Ngf6 12. Ne5+ Ke6 13. Qf5+ Ke7 14.
Be3 Qc7 15. Ng6+ Kf7 16. e5 Nxe5 17. Qxe5 Bd6 18. Qd4 Kxg6 19. O-O-O Be5 20.
Qd2 Rh8 21. f4 Bxc3 22. Qxc3 Qf7 23. Kb1 Nd5 24. Qe1 Nxe3 25. Qxe3 Kh7 26. Rd6
Re8 27. Qd2 Bf5 28. h3 Kh8 29. g4 Be4 30. Rd1 Bd5 31. b3 Qe7 32. Rg6 Qe3 33.
Qb4 b5 34. Qd6 Re6 35. Rxe6 Qxe6 36. Qxe6 Bxe6 37. Rd6 Bd5 38. c4 bxc4 39. bxc4
Bg2 40. h4 Kg8 41. g5 hxg5 42. hxg5 Kf8 43. Kb2 Re8 44. f5 Re5 45. f6 gxf6 46.
gxf6 a5 47. Kc3 Kf7 48. Kd4 Re4+ 49. Kd3 Re1 50. Kc3 Re2 51. Kb3 Be4 52. a3
Re3+ 53. Ka4 Bc2+ 54. Kxa5 Rxa3+ 55. Kb4 Rb3+ 56. Kc5 Be4 57. Rd4 Bg2 58. Rg4
Rb2 59. Rf4 Rd2  1/2-1/2